Nivel de Integración de la Tecnología al Proceso Educativo en los Liceos Nocturnos del Distrito Educativo 10-06, Santo Domingo Este, para el Año Escolar 2008-2009 (Record no. 3670)

MARC details
000 -LEADER
campo de control de longitud fija 03427nam a2200553Ia 4500
001 - NÚMERO DE CONTROL
campo de control 3911
008 - DATOS DE LONGITUD FIJA--INFORMACIÓN GENERAL
campo de control de longitud fija 241029s9999 xx 000 0 und d
010 ## - NÚMERO DE CONTROL DE LA BIBLIOTECA DEL CONGRESO
Número de control de LC 3670
041 ## - CÓDIGO DE IDIOMA
Código de lengua del texto/banda sonora o título independiente Español
082 ## - NÚMERO DE LA CLASIFICACIÓN DECIMAL DEWEY
Número de clasificación MA-TE 0003 FH 2009
245 #0 - MENCIÓN DEL TÍTULO
Título Nivel de Integración de la Tecnología al Proceso Educativo en los Liceos Nocturnos del Distrito Educativo 10-06, Santo Domingo Este, para el Año Escolar 2008-2009
260 ## - PUBLICACIÓN, DISTRIBUCIÓN, ETC.
Lugar de publicación, distribución, etc. Santo Domingo
300 ## - DESCRIPCIÓN FÍSICA
Extensión 82
520 ## - RESUMEN, ETC.
Sumario, etc. 12
520 ## - RESUMEN, ETC.
Sumario, etc. El objetivo principal de esta investigación consistió en determinar el nivel de integración de los recursos tecnológicos, en el proceso educativo en los liceos nocturnos del Distrito Educativo 10-06, Santo Domingo Este, para el Año Escolar 2008-2009, a la vez establecer el nivel de capacitación que tienen los profesores para el manejo de los recursos tecnológicos.Esta investigación utilizó un diseño descriptivo, combinado con la investigación documental y de campo, utilizando los métodos: deductivo, sintético, analítico y el procedimiento de comprobación. Como instrumento y técnicas se empleó dos cuestionarios, análisis bibliográfico, análisis de documentos y la observación directa. El universo objeto de estudio fue de 2,740 y se tomo una muestra de 337 estudiantes, 92 profesores pertenecientes a los liceos nocturnos del Distrito Educativo 10-06, de Santo Domingo Este, durante el Año Escolar 2008-2009.El estudio concluye que en sentido general el nivel de integración de los recursos tecnológicos en el proceso educativo en los liceos nocturnos del Distrito 10-06, Santo Domingo Este, para el Año Escolar 2008-2009, fue muy bajo ya que los docentes consideraron que los centros objeto de estudio, no cuentan con un sistema de organización y administración de los recursos tecnológicos adecuados, no contando con centros de recursos tecnológicos al servicio de los docentes, lo que no permite la implementación de los mismos en los salones de clase.El estudio recomienda a la SEE, dotar de los recursos tecnológicos en cantidad y calidad adecuada para el buen desempeño de los procesos educacionales, que se desarrollan en los centros de educación media del distrito educativo 10-06.Establecer un sistema de organización de los recursos con que cuenta y promover la utilización adecuada de los mismos, por parte de los docentes y los estudiantes.
630 ## - PUNTO DE ACCESO ADICIONAL DE MATERIA--TÍTULO UNIFORME
Título uniforme Proceso Educativo
630 ## - PUNTO DE ACCESO ADICIONAL DE MATERIA--TÍTULO UNIFORME
Título uniforme Recursos Tecnológicos
630 ## - PUNTO DE ACCESO ADICIONAL DE MATERIA--TÍTULO UNIFORME
Título uniforme Tecnología Educativa
650 ## - PUNTO DE ACCESO ADICIONAL DE MATERIA--TÉRMINO DE MATERIA
Término de materia o nombre geográfico como elemento de entrada Tecnología Educativa
690 ## - PUNTO DE ACCESO ADICIONAL DE MATERIA LOCAL--TÉRMINO DE MATERIA (OCLC, RLIN)
Término de materia o nombre geográfico como elemento inicial Elaborado
700 ## - ENTRADA AGREGADA--NOMBRE PERSONAL
Término indicativo de función/relación asesor
Nombre de persona Michel, Daniel
700 ## - ENTRADA AGREGADA--NOMBRE PERSONAL
Término indicativo de función/relación autor
Nombre de persona Hernández Payano, Odalys
700 ## - ENTRADA AGREGADA--NOMBRE PERSONAL
Término indicativo de función/relación autor
Nombre de persona Encarnación Tejeda , Behsaida
901 ## - ELEMENTOS DE DATOS A LOCAL LDA (RLIN)
a {"1":"Hernández Payano","2":"Encarnación Tejeda "}
b {"1":" Odalys","2":"Behsaida"}
902 ## - ELEMENTOS DE DATOS B LOCAL, LDB (RLIN)
a 1
903 ## - ELEMENTOS DE DATOS C LOCAL, LDC (RLIN)
a {"1":"Michel"}
b {"1":"Daniel"}
904 ## - ELEMENTOS DE DATOS D LOCAL, LDD (RLIN)
a Maestría en
905 ## - ELEMENTOS DE DATOS E LOCAL, LDE (RLIN)
a Tecnología Educativa
906 ## - ELEMENTOS DE DATOS F LOCAL, LDF (RLIN)
a 2
907 ## - ELEMENTOS DE DATOS G LOCAL, LDG (RLIN)
a NO APLICA
908 ## - COLOCAR PARÁMETRO DE COMANDO (RLIN)
Colocar parámetro de comando NO APLICA
909 ## -
-- Universidad Autónoma de Santo Domingo (UASD)
910 ## - DATOS DE OPCIÓN DEL USUARIO (OCLC)
Datos de opción del usuario NULL
-- NULL
911 ## - EQUIVALENCIA O REFERENCIA-CRUZADA-NOMBRE DE CONFERENCIA O REUNIÓN/CONGRESO [LOCAL, CANADÁ]
Nombre de congreso/reunión o jurisdicción como elemento de entrada ["1"]
912 ## -
-- NO APLICA
913 ## -
-- NULL
914 ## -
-- 06 de Julio de 2009
915 ## -
-- NULL
916 ## -
-- NULL
917 ## -
-- NULL
918 ## -
-- NO APLICA
919 ## -
-- ["165","218","191"]
921 ## -
-- 16
922 ## -
-- 16
923 ## -
-- 0
924 ## -
-- NO APLICA
942 ## - ELEMENTOS DE ENTRADA SECUNDARIOS (KOHA)
Tipo de ítem Koha

No items available.

© 2024. Todos los Derechos Reservados. Desarrollado por IDEICE